[Event "5th Karl Wagner mem"]
[Site "Graz"]
[Date "1998.09.10"]
[Round "6.25"]
[White "Halser, Walter"]
[Black "Riedner, Martin"]
[Result "1-0"]
[WhiteElo "2090"]
[BlackElo "2245"]
[PlyCount "59"]
[EventDate "1998.09.09"]

{6/(25)} 1. e4 1... d5 2. exd5 Qxd5 3. Nc3 Qa5 4. d4 c6 5. Nf3 Nf6 6. Bc4 Bf5
7. Bd2 e6 8. Nd5 Qd8 9. Nxf6+ gxf6 10. Bb3 Nd7 11. Qe2 Bg7 12. Nh4 Bg6 13. g4
Qe7 14. O-O-O f5 15. Nxg6 hxg6 16. gxf5 gxf5 17. Bf4 Bh6 18. Bxh6 Rxh6 19. Kb1
Nb6 20. c4 20... O-O-O {} 21. d5 e5 22. f3 Re8 23. Qd2 Rh4 24. d6 Qd8 25. c5
Rd4 26. Qc2 Nd7 27. Bxf7 Rxd1+ 28. Rxd1 Rh8 29. Be6 f4 30. Qf5 1-0

[Event "5th Karl Wagner mem"]
[Site "Graz"]
[Date "1998.09.10"]
[Round "6.27"]
[White "Senoner, Erich Jun"]
[Black "Stolte, Alexander"]
[Result "0-1"]
[WhiteElo "2160"]
[BlackElo "2145"]
[PlyCount "74"]
[EventDate "1998.09.09"]

{6/(27)} 1. e4 1... e6 2. d4 d5 3. Nd2 Nf6 4. e5 Nfd7 5. Bd3 c5 6. c3 Nc6 7.
Ne2 cxd4 8. cxd4 f6 9. f4 fxe5 10. fxe5 Nxd4 11. Nxd4 Qh4+ 12. Kf1 Qxd4 13. Nf3
Qg4 14. Bd2 Bc5 15. h3 Qg3 16. Be1 Qf4 17. g3 Qe3 18. Kg2 O-O 19. Rc1 Nxe5 20.
Be2 Nxf3 21. Bxf3 Bd7 22. Rc3 Qd4 23. Qe2 Bb6 24. Rf1 Qf6 25. Rb3 Bc6 26. Bb4
Rf7 27. Bd6 Bd4 28. Kh2 e5 29. Ba3 e4 30. Bg2 Qg6 31. g4 Rxf1 32. Qxf1 Qf6 33.
Qxf6 gxf6 34. Kg3 {} 34... a5 35. Kh4 a4 36. Rb4 Bc5 37. Rxb7 Bf2+ 0-1

[Event "5th Karl Wagner mem"]
[Site "Graz"]
[Date "1998.09.10"]
[Round "6.29"]
[White "Seidl, Juergen"]
[Black "Jetzl, Joerg"]
[Result "1-0"]
[WhiteElo "2160"]
[BlackElo "2225"]
[PlyCount "79"]
[EventDate "1998.09.09"]

{6/(29)} 1. d4 1... e6 2. c4 d5 3. Nc3 c5 4. e3 Nf6 5. Nf3 Nc6 6. a3 a6 7. dxc5
Bxc5 8. b4 Ba7 9. Bb2 O-O 10. Be2 d4 11. exd4 Nxd4 12. Nxd4 Bxd4 13. Qc2 e5 14.
O-O Qe7 15. Na4 Bxb2 16. Nxb2 Be6 17. Rfd1 Rac8 18. c5 Nd5 19. g3 a5 20. Bc4
Rfd8 21. Qb3 Nc7 22. Qc3 Bf5 23. Qf3 g6 24. Qe2 e4 25. Rxd8+ Rxd8 26. Rd1 Re8
27. Qe3 Bg4 28. Rd6 axb4 29. axb4 Ra8 30. Be2 Bh3 31. Bf1 Bf5 32. Nd1 Ra4 33.
Qb3 Ra1 34. Qb2 Ra8 35. h4 Bg4 36. Ne3 Bf3 37. Kh2 h5 38. Bh3 {} 38... f5 39.
Rxg6+ Kh7 40. Bxf5 1-0

[Event "5th Karl Wagner mem"]
[Site "Graz"]
[Date "1998.09.10"]
[Round "6.30"]
[White "Pilaj, Herwig"]
[Black "Genser, Harald"]
[Result "1/2-1/2"]
[WhiteElo "2215"]
[BlackElo "2155"]
[PlyCount "25"]
[EventDate "1998.09.09"]

{6/(30)} 1. e4 1... c6 2. Nc3 d5 3. d4 dxe4 4. Nxe4 Bf5 5. Ng3 Bg6 6. h4 h6 7.
Nf3 Nf6 8. h5 Bh7 9. Bd3 Bxd3 10. Qxd3 Qa5+ 11. Bd2 Qa6 12. Qxa6 Nxa6 13. Ne5
1/2-1/2

[Event "5th Karl Wagner mem"]
[Site "Graz"]
[Date "1998.09.10"]
[Round "6.31"]
[White "Vodep, Otto"]
[Black "Hoellrigl, Wilfried"]
[Result "0-1"]
[WhiteElo "2105"]
[BlackElo "2215"]
[PlyCount "67"]
[EventDate "1998.09.09"]

{6/(31)} 1. c4 1... Nf6 2. d4 g6 3. Nc3 Bg7 4. e4 d6 5. Nge2 O-O 6. Ng3 e5 7.
d5 c6 8. Be2 cxd5 9. cxd5 Nbd7 10. h4 h5 11. Bg5 Qb6 12. Rb1 a5 13. O-O Nc5 14.
a3 a4 15. Bb5 Bd7 16. Bxd7 16... Nfxd7 {} 17. Nxh5 gxh5 18. Qxh5 f6 19. Be3
Qd8 20. g4 Rf7 21. Kh1 Nf8 22. Rg1 Qd7 23. Kh2 Nd3 24. Ne2 Bh8 25. g5 fxg5 26.
Rxg5+ Rg7 27. Rbg1 Qf7 28. Qg4 Rd8 29. Ng3 Nxf2 30. Bxf2 Qxf2+ 31. Rg2 Qf4 32.
Qxf4 exf4 33. Rxg7+ Kxg7 34. Nf5+ 0-1

[Event "5th Karl Wagner mem"]
[Site "Graz"]
[Date "1998.09.10"]
[Round "6.39"]
[White "Wallner, Dieter"]
[Black "Adinolfi, Vincenzo"]
[Result "1/2-1/2"]
[WhiteElo "2110"]
[BlackElo "2170"]
[PlyCount "85"]
[EventDate "1998.09.09"]

{6/(39)} 1. d4 1... Nf6 2. Nf3 g6 3. Bf4 d6 4. h3 Bg7 5. e3 c5 6. c3 O-O 7. Be2
Nc6 8. O-O Qb6 9. Qb3 Qxb3 10. axb3 Ne4 11. Rd1 b6 12. Nfd2 Nxd2 13. Nxd2 e5
14. dxe5 dxe5 15. Bh2 Be6 16. Bf3 Rac8 17. Bxc6 Rxc6 18. Nc4 Bxc4 19. bxc4 Rc7
20. Rd5 Re8 21. Rad1 Kf8 22. Kf1 f6 23. Ke2 Kf7 24. Kd2 Bf8 25. Kc2 Rb7 26. e4
b5 27. Rd7+ Re7 28. Rxb7 Rxb7 29. cxb5 c4 30. Rd5 Rc7 31. f3 Bc5 32. Bg3 Ke6
33. Be1 f5 34. Bg3 f4 35. Bh4 h5 36. Bd8 Rc8 37. Ba5 g5 38. Rd8 Rxd8 39. Bxd8
Bb6 40. Bxb6 axb6 41. b3 41... Kd6 {} 42. b4 Ke6 43. Kd2 1/2-1/2

[Event "5th Karl Wagner mem"]
[Site "Graz"]
[Date "1998.09.10"]
[Round "6.41"]
[White "Flecker, Wolfgang"]
[Black "Zirngast, Erhard"]
[Result "1/2-1/2"]
[WhiteElo "2125"]
[BlackElo "2060"]
[PlyCount "67"]
[EventDate "1998.09.09"]

{6/(41)} 1. e4 1... g6 2. Nc3 Bg7 3. g3 e5 4. Bg2 d6 5. d3 Ne7 6. f4 Nbc6 7.
Nf3 f5 8. fxe5 dxe5 9. O-O O-O 10. exf5 gxf5 11. Bg5 Be6 12. Qd2 Qd7 13. Bh6
Rf6 14. Bxg7 Kxg7 15. Rae1 Ng6 16. h4 h5 17. Kh2 f4 18. Ne4 fxg3+ 19. Nxg3 Bg4
20. Qg5 20... Qe7 {} 21. d4 Raf8 22. Nxe5 Ncxe5 23. Rxf6 Qxf6 24. Qxf6+ Rxf6
25. dxe5 Rf2 26. Kg1 Rxc2 27. Be4 Rxb2 28. Bxg6 Kxg6 29. e6 Rxa2 30. e7 Bd7 31.
e8=Q+ Bxe8 32. Rxe8 a5 33. Rg8+ Kf7 34. Rc8 1/2-1/2

[Event "5th Karl Wagner mem"]
[Site "Graz"]
[Date "1998.09.10"]
[Round "6.42"]
[White "Galje, Hans"]
[Black "Teuschler, Hugo"]
[Result "0-1"]
[WhiteElo "2110"]
[BlackElo "2030"]
[PlyCount "58"]
[EventDate "1998.09.09"]

{6/(42)} 1. d4 1... d5 2. c4 e6 3. Nc3 Be7 4. Nf3 Nf6 5. cxd5 exd5 6. Bg5 c6 7.
Qc2 Nbd7 8. e3 O-O 9. Bd3 Re8 10. O-O Nf8 11. Rab1 Nh5 12. Bxe7 Qxe7 13. b4 a6
14. a4 b5 15. axb5 axb5 16. Ne5 Bb7 17. Rfc1 Rec8 18. Bf5 Rd8 19. Ne2 g6 20.
Bh3 Ra6 21. g3 Rda8 22. Qc5 Qf6 23. Rc2 Ne6 24. Bxe6 Qxe6 25. Qc3 Ra3 26. Qd2
f6 27. Nd3 Qf5 28. Nc5 Bc8 29. Nb3 {} 29... Qf3 0-1